000 00277nam a22001217a 4500
082 _a823
_bSHA/T
100 _aSHARON BOOKS
245 _aTRUE FRIENDS
_bNURSERY STORIES
260 _aCHERTHALA
_bSHARON BOOKS
300 _a34
650 _aENGLISH SHORT STORY
_zKERALA
942 _cBK
999 _c3574
_d3574